| 000 | 01939nam a2200457 i 4500 | ||
|---|---|---|---|
| 001 | 768714001 | ||
| 003 | CO-MdFUSB | ||
| 005 | 20250820093953.0 | ||
| 007 | ta | ||
| 008 | 170823t20052013sp |||| |||| 00| 0 spa d | ||
| 020 |
_a84-8169-668-4 _qimpreso |
||
| 020 |
_a978-84-9945-561-7 _qelectrónico |
||
| 040 |
_aCO-MdFUSB _bspa _cCO-MdFUSB _dCO-MdFUSBC _erda |
||
| 041 | 0 |
_aspa _hfre |
|
| 082 | 0 | 4 |
_223 _a222.3 _bA116m |
| 100 | 1 |
_aAbadie, Philippe _eautor |
|
| 240 | _aLe livre des Juges | ||
| 245 | 3 |
_aEl libro de los Jueces _c/ Philippe Abadie ; traducido por Pedro Barrado , María del Pilar Salas _h[físico y electrónico] |
|
| 264 | 1 |
_aEstella, Navarra : _bVerbo Divino, _c[2005] |
|
| 264 | 4 | _c©2013 | |
| 300 | _a62 páginas | ||
| 336 |
_2rdacontent _atexto _btxt |
||
| 337 |
_2rdamedia _asin mediación _bn |
||
| 337 |
_2rdamedia _ainformático _bc |
||
| 338 |
_2rdacarrier _avolumen _bnc |
||
| 338 |
_2rdacarrier _aremoto _bcr |
||
| 347 |
_2rda _afichero de texto _bPDF |
||
| 490 | _aCuadernos Bíblicos | ||
| 505 | _aA la sombra de Josué (1,1-3,6) -- Barac y Débora (4-5) - Gedeón y Abimelec (6-9) -- Los jueces menores y la historia de Jefté (10-12) -- Sansón (13-16) -- La migración de Dan (17-18) -- El crimen de Guibeá. -- La guerra contra Benjamín (19-21) -- Los Ángeles en la Biblia. | ||
| 506 | _aSolicitar clave y usuario para acceder al libro electrónico. | ||
| 506 | _aLibro monousuario | ||
| 563 | _aRústico | ||
| 630 | 0 | 7 |
_aBiblia. _pJueces _xCrítica, interpretación, etc. |
| 630 | 0 |
_aBiblia. _pJueces _xHistoria. |
|
| 700 |
_aBarrado, Pedro. _93344 _etraductor |
||
| 700 |
_aSalas, María del Pilar, _93345 _etraductor |
||
| 856 |
_d861452 _uhttp://search.ebscohost.com/login.aspx?direct=true&scope=site&db=nlebk&db=nlabk&AN=861452 _zAbrir Versión electrónica del libro El libro de los Jueces |
||
| 942 | _cBK | ||
| 945 | _aJTF-925 | ||
| 999 |
_c34628 _d34628 |
||